000 00497nam a22001457a 4500
020 _a978-81-291-3572-8
082 _a823
_bBHA/H
100 _aBHAGAT, CHETAN
245 _aHALF GIRL FRIEND
260 _aDELHI
_bRUPA PUBLICATIONS
_c2014
300 _a260
520 _aMadhav Jha, a student from Bihar, takes admission in a Delhi college and falls in love with Riya Somani. He coaxes her to be his girlfriend, but she is not interested in him romantically.
650 _aNOVEL
_zINDIA
942 _cBK
999 _c2643
_d2643